Las cooperativas de caficultores de Costa Rica en el proceso de desarrollo del capitalismo en el café /
Analiza los intereses que determinados sectores sociales tienen, dentro del marco capitalista, en la producción cafetales referida a las cooperativas de caficultores, en Costa Rica - Estudia el impulso y desarrollo que tales cooperativas adquieren a través de 1948, y que se expresan políticamente en...
Salvato in:
| Autore principale: | |
|---|---|
| Natura: | Tesi |
| Pubblicazione: |
San José:
Universidad de Costa Rica
|
| Soggetti: | |
| Tags: |
Aggiungi Tag
Nessun Tag, puoi essere il primo ad aggiungerne!!
|
MARC
| LEADER | 00000 a a2200000 04500 | ||
|---|---|---|---|
| 001 | 20609 | ||
| 003 | |||
| 040 | |a CRAI/IIS |c CRAI/IIS | ||
| 090 | |a 07.07.09 C335c | ||
| 100 | |a Cazanga Solar, José | ||
| 245 | |a Las cooperativas de caficultores de Costa Rica en el proceso de desarrollo del capitalismo en el café / |c José Cazanga Solar | ||
| 260 | |a San José: |b Universidad de Costa Rica | ||
| 300 | |a 480 páginas | ||
| 502 | |a Tesis (Magister en Sociología) -- Universidad de Costa Rica. Sistema de Estudios de Posgrado. CLACSO, 1982 | ||
| 520 | |a Analiza los intereses que determinados sectores sociales tienen, dentro del marco capitalista, en la producción cafetales referida a las cooperativas de caficultores, en Costa Rica - Estudia el impulso y desarrollo que tales cooperativas adquieren a través de 1948, y que se expresan políticamente en el Partido Liberación Nacional. Señala que tal orientación queda plasmada por medio de un proyecto político económico de corte reformista que apunta a la diversificación agraria y al desarrollo industrial (modernización capitalista global y su reproducción). Determina la forma como las cooperativas de caficultores se vinculan a este proyecto reformista | ||
| 650 | |a CAFE | ||
| 650 | |a CAPITALISMO | ||
| 650 | |a COOPERATIVAS | ||
| 650 | |a COSTA RICA | ||
| 999 | |c 17967 |d 17967 | ||
